| 000 | 02212nam0a2200373 i 4500 | ||
|---|---|---|---|
| 001 | RU\NLR\BIBL_A\010475074 | ||
| 005 | 20241110073351.0 | ||
| 010 |
_a9785321023754 _9100 |
||
| 021 |
_aRU _b2014-57210 _93462 |
||
| 035 | _a(NILC)RuMoRGB-007529114 | ||
| 035 | _a(NLR Aleph) 010475074 | ||
| 090 |
_a10039771 _c10039771 |
||
| 100 | _a20141010d2014 km y0rusy50 ca | ||
| 101 | 0 |
_arus _deng |
|
| 102 | _aRU | ||
| 105 | _aa|||z||||01yy | ||
| 200 | 1 |
_aСистема управления экологической безопасностью _eсборник трудов VIII заочной международной научно-практической конференции (Екатеринбург, 30-31 мая 2014 г.) _f[редкол.: пред.: д. т. н., проф. Е. Р. Магарил (отв. ред.) и др.] |
|
| 210 |
_aЕкатеринбург _cУрФУ _d2014 |
||
| 215 |
_a293 с. _cил. _d20 |
||
| 300 | _aВ надзаг.: М-во образования и науки Рос. Федерации, Урал. федер. ун-т им. первого Президента России Б. Н. Ельцина, [Высш. шк. экономики и менеджмента] | ||
| 300 | _aРез. на англ. яз. | ||
| 320 | _aБиблиогр. в конце ст. | ||
| 606 |
_aЭкологическая безопасность _jСборники _91580967 _3RU\NLR\AUTH\66992995 |
||
| 606 | 1 |
_aЭкологическая безопасность _jСборники _xУправление _yРоссийская Федерация _92096995 _3RU\NLR\AUTH\661268686 |
|
| 686 | 1 | _aУ28(2)-21я43 | |
| 686 | 1 | _aХ625.9я43 | |
| 702 | 1 |
_aМагарил _bЕ. Р. _gЕлена Роменовна _4340 |
|
| 711 | 1 | 2 |
_a"Система управления экологической безопасностью", заочная международная научно-практическая конференция _d8 _eЕкатеринбург _f2014 _9428267 _3RU\NLR\AUTH\880380978 |
| 801 | 0 |
_aRU _bРГБ _c20140804 _gRCR |
|
| 942 | _cBOOK | ||
| 980 | _aNBR | ||